<?xml version="1.0" encoding="UTF-8"?>
<record
    xmlns:xsi="http://www.w3.org/2001/XMLSchema-instance"
    xsi:schemaLocation="http://www.loc.gov/MARC21/slim http://www.loc.gov/standards/marcxml/schema/MARC21slim.xsd"
    xmlns="http://www.loc.gov/MARC21/slim">

  <leader>00820nam a22002177a 4500</leader>
  <controlfield tag="001">38426</controlfield>
  <controlfield tag="003">BD-RjUL</controlfield>
  <controlfield tag="005">20211209052808.0</controlfield>
  <controlfield tag="008">151130s2003    bg ||||| |||| 00| 0 ben d</controlfield>
  <datafield tag="035" ind1=" " ind2=" ">
    <subfield code="a">(BD-RjUL)38531</subfield>
  </datafield>
  <datafield tag="040" ind1=" " ind2=" ">
    <subfield code="a">BD-RjUL</subfield>
    <subfield code="b">ben</subfield>
    <subfield code="c">BD-RjUL</subfield>
  </datafield>
  <datafield tag="041" ind1=" " ind2=" ">
    <subfield code="a">ben</subfield>
  </datafield>
  <datafield tag="082" ind1=" " ind2=" ">
    <subfield code="a">891.444</subfield>
    <subfield code="b">IQK 2003</subfield>
  </datafield>
  <datafield tag="100" ind1=" " ind2=" ">
    <subfield code="a">&#x987;&#x995;&#x9AC;&#x9BE;&#x9B2;, &#x9B6;&#x9B9;&#x9C0;&#x9A6; </subfield>
    <subfield code="9">117018</subfield>
  </datafield>
  <datafield tag="245" ind1=" " ind2=" ">
    <subfield code="a">&#x995;&#x9BE;&#x9B2;&#x9BE;&#x9A8;&#x9CD;&#x9A4;&#x9B0;&#x9C7;&#x9B0; &#x989;&#x995;&#x9CD;&#x9A4;&#x9BF; &#x993; &#x989;&#x9AA;&#x9B2;&#x9AC;&#x9CD;&#x9A7;&#x9BF; /</subfield>
    <subfield code="c">&#x9B6;&#x9B9;&#x9C0;&#x9A6; &#x987;&#x995;&#x9AC;&#x9BE;&#x9B2;.</subfield>
  </datafield>
  <datafield tag="260" ind1=" " ind2=" ">
    <subfield code="a">&#x9A2;&#x9BE;&#x995;&#x9BE; :</subfield>
    <subfield code="b">&#x9AB;&#x9AF;&#x9BC;&#x99C;&#x9C1;&#x9B2; &#x98F;&#x9A3;&#x9CD;&#x9A1; &#x9B8;&#x9A8;&#x9CD;&#x9B8;, &#x9B0;&#x9BE;&#x99C;&#x9B6;&#x9BE;&#x9B9;&#x9C0; &#x9AC;&#x9BF;&#x9B6;&#x9CD;&#x9AC;&#x9AC;&#x9BF;&#x9A6;&#x9CD;&#x9AF;&#x9BE;&#x9B2;&#x9AF;&#x9BC;,</subfield>
    <subfield code="c">&#x9E8;&#x9E6;&#x9E6;&#x9E9;.</subfield>
  </datafield>
  <datafield tag="300" ind1=" " ind2=" ">
    <subfield code="a">&#x9E7;&#x9E8;&#x9EF; &#x9AA;&#x9C3;. ;</subfield>
    <subfield code="c">&#x9E8;&#x9E8; &#x9B8;&#x9C7;&#x9AE;&#x9BF;.</subfield>
  </datafield>
  <datafield tag="650" ind1=" " ind2=" ">
    <subfield code="a">&#x9AC;&#x9BE;&#x982;&#x9B2;&#x9BE; &#x9AA;&#x9CD;&#x9B0;&#x9AC;&#x9A8;&#x9CD;&#x9A7;</subfield>
    <subfield code="9">118695</subfield>
  </datafield>
  <datafield tag="650" ind1=" " ind2=" ">
    <subfield code="a">Bengali essays</subfield>
    <subfield code="9">118696</subfield>
  </datafield>
  <datafield tag="942" ind1=" " ind2=" ">
    <subfield code="2">ddc</subfield>
    <subfield code="c">BK</subfield>
    <subfield code="0">3</subfield>
  </datafield>
  <datafield tag="999" ind1=" " ind2=" ">
    <subfield code="c">38426</subfield>
    <subfield code="d">38426</subfield>
  </datafield>
  <datafield tag="952" ind1=" " ind2=" ">
    <subfield code="0">0</subfield>
    <subfield code="1">0</subfield>
    <subfield code="2">ddc</subfield>
    <subfield code="4">0</subfield>
    <subfield code="7">1</subfield>
    <subfield code="8">NFIC</subfield>
    <subfield code="a">RUCL</subfield>
    <subfield code="b">RUCL</subfield>
    <subfield code="c">Reading</subfield>
    <subfield code="d">2003-08-31</subfield>
    <subfield code="e">&#x9B0;&#x9BE;. &#x9AC;&#x9BF;.  &#x9AC;&#x9BE;&#x982;&#x9B2;&#x9BE; &#x9AC;&#x9BF;&#x9AD;&#x9BE;&#x997;</subfield>
    <subfield code="g">100.00</subfield>
    <subfield code="l">0</subfield>
    <subfield code="o">B 891.444 IQK 2003</subfield>
    <subfield code="r">2015-11-30 00:00:00</subfield>
    <subfield code="t">C-8</subfield>
    <subfield code="w">2021-12-09</subfield>
    <subfield code="y">BK</subfield>
  </datafield>
  <datafield tag="952" ind1=" " ind2=" ">
    <subfield code="0">0</subfield>
    <subfield code="1">0</subfield>
    <subfield code="2">ddc</subfield>
    <subfield code="4">0</subfield>
    <subfield code="7">0</subfield>
    <subfield code="8">NFIC</subfield>
    <subfield code="a">RUCL</subfield>
    <subfield code="b">RUCL</subfield>
    <subfield code="c">Stack</subfield>
    <subfield code="d">2003-08-31</subfield>
    <subfield code="e">&#x9B0;&#x9BE;. &#x9AC;&#x9BF;.  &#x9AC;&#x9BE;&#x982;&#x9B2;&#x9BE; &#x9AC;&#x9BF;&#x9AD;&#x9BE;&#x997;</subfield>
    <subfield code="g">100.00</subfield>
    <subfield code="l">0</subfield>
    <subfield code="o">B 891.444 IQK 2003</subfield>
    <subfield code="r">2015-11-30 00:00:00</subfield>
    <subfield code="t">C-2</subfield>
    <subfield code="w">2021-12-09</subfield>
    <subfield code="y">BK</subfield>
  </datafield>
  <datafield tag="952" ind1=" " ind2=" ">
    <subfield code="0">0</subfield>
    <subfield code="1">0</subfield>
    <subfield code="2">ddc</subfield>
    <subfield code="4">0</subfield>
    <subfield code="7">0</subfield>
    <subfield code="8">NFIC</subfield>
    <subfield code="a">RUCL</subfield>
    <subfield code="b">RUCL</subfield>
    <subfield code="c">Stack</subfield>
    <subfield code="d">2003-08-31</subfield>
    <subfield code="e">&#x9B0;&#x9BE;. &#x9AC;&#x9BF;. &#x9AC;&#x9BE;&#x982;&#x9B2;&#x9BE; &#x9AC;&#x9BF;&#x9AD;&#x9BE;&#x997;</subfield>
    <subfield code="g">100.00</subfield>
    <subfield code="l">2</subfield>
    <subfield code="o">B 891.444 IQK 2003</subfield>
    <subfield code="r">2015-12-23 00:00:00</subfield>
    <subfield code="s">2015-12-21</subfield>
    <subfield code="t">C-3</subfield>
    <subfield code="w">2015-11-30</subfield>
    <subfield code="y">BK</subfield>
  </datafield>
  <datafield tag="952" ind1=" " ind2=" ">
    <subfield code="0">0</subfield>
    <subfield code="1">0</subfield>
    <subfield code="2">ddc</subfield>
    <subfield code="4">0</subfield>
    <subfield code="7">0</subfield>
    <subfield code="8">NFIC</subfield>
    <subfield code="a">RUCL</subfield>
    <subfield code="b">RUCL</subfield>
    <subfield code="c">Stack</subfield>
    <subfield code="d">2003-08-31</subfield>
    <subfield code="e">&#x9B0;&#x9BE;. &#x9AC;&#x9BF;. &#x9AC;&#x9BE;&#x982;&#x9B2;&#x9BE; &#x9AC;&#x9BF;&#x9AD;&#x9BE;&#x997;</subfield>
    <subfield code="g">100.00</subfield>
    <subfield code="l">0</subfield>
    <subfield code="o">B 891.444 IQK 2003</subfield>
    <subfield code="r">2015-11-30 00:00:00</subfield>
    <subfield code="t">C-4</subfield>
    <subfield code="w">2015-11-30</subfield>
    <subfield code="y">BK</subfield>
  </datafield>
  <datafield tag="952" ind1=" " ind2=" ">
    <subfield code="0">0</subfield>
    <subfield code="1">0</subfield>
    <subfield code="2">ddc</subfield>
    <subfield code="4">0</subfield>
    <subfield code="7">0</subfield>
    <subfield code="8">NFIC</subfield>
    <subfield code="a">RUCL</subfield>
    <subfield code="b">RUCL</subfield>
    <subfield code="c">Stack</subfield>
    <subfield code="d">2003-08-31</subfield>
    <subfield code="e">&#x9B0;&#x9BE;. &#x9AC;&#x9BF;. &#x9AC;&#x9BE;&#x982;&#x9B2;&#x9BE; &#x9AC;&#x9BF;&#x9AD;&#x9BE;&#x997;</subfield>
    <subfield code="g">100.00</subfield>
    <subfield code="l">1</subfield>
    <subfield code="o">B 891.444 IQK 2003</subfield>
    <subfield code="r">2018-03-13 00:00:00</subfield>
    <subfield code="s">2018-03-07</subfield>
    <subfield code="t">C-5</subfield>
    <subfield code="w">2015-11-30</subfield>
    <subfield code="y">BK</subfield>
  </datafield>
  <datafield tag="952" ind1=" " ind2=" ">
    <subfield code="0">0</subfield>
    <subfield code="1">0</subfield>
    <subfield code="2">ddc</subfield>
    <subfield code="4">0</subfield>
    <subfield code="7">0</subfield>
    <subfield code="8">NFIC</subfield>
    <subfield code="a">RUCL</subfield>
    <subfield code="b">RUCL</subfield>
    <subfield code="c">Stack</subfield>
    <subfield code="d">2003-08-31</subfield>
    <subfield code="e">&#x9B0;&#x9BE;. &#x9AC;&#x9BF;. &#x9AC;&#x9BE;&#x982;&#x9B2;&#x9BE; &#x9AC;&#x9BF;&#x9AD;&#x9BE;&#x997;</subfield>
    <subfield code="g">100.00</subfield>
    <subfield code="l">2</subfield>
    <subfield code="o">B 891.444 IQK 2003</subfield>
    <subfield code="r">2018-04-05 00:00:00</subfield>
    <subfield code="s">2018-03-19</subfield>
    <subfield code="t">C-6</subfield>
    <subfield code="w">2015-11-30</subfield>
    <subfield code="y">BK</subfield>
  </datafield>
  <datafield tag="952" ind1=" " ind2=" ">
    <subfield code="0">0</subfield>
    <subfield code="1">0</subfield>
    <subfield code="2">ddc</subfield>
    <subfield code="4">0</subfield>
    <subfield code="7">0</subfield>
    <subfield code="8">NFIC</subfield>
    <subfield code="a">RUCL</subfield>
    <subfield code="b">RUCL</subfield>
    <subfield code="c">Stack</subfield>
    <subfield code="d">2003-08-31</subfield>
    <subfield code="e">Bangla Department, RU</subfield>
    <subfield code="g">100.00</subfield>
    <subfield code="l">1</subfield>
    <subfield code="o">B 891.444 IQK 2003</subfield>
    <subfield code="r">2017-05-21 00:00:00</subfield>
    <subfield code="s">2017-05-06</subfield>
    <subfield code="t">C-7</subfield>
    <subfield code="w">2016-08-13</subfield>
    <subfield code="y">BK</subfield>
  </datafield>
  <datafield tag="952" ind1=" " ind2=" ">
    <subfield code="0">0</subfield>
    <subfield code="1">0</subfield>
    <subfield code="2">ddc</subfield>
    <subfield code="4">0</subfield>
    <subfield code="7">0</subfield>
    <subfield code="8">NFIC</subfield>
    <subfield code="a">RUCL</subfield>
    <subfield code="b">RUCL</subfield>
    <subfield code="c">Stack</subfield>
    <subfield code="d">2003-08-31</subfield>
    <subfield code="e">Bangla dept. R.U</subfield>
    <subfield code="g">100.00</subfield>
    <subfield code="l">0</subfield>
    <subfield code="o">B 891.444 IQK 2003</subfield>
    <subfield code="r">2017-01-31 00:00:00</subfield>
    <subfield code="t">C-1</subfield>
    <subfield code="w">2017-01-31</subfield>
    <subfield code="y">BK</subfield>
  </datafield>
</record>
